| 000 | 00634nam a22002177a 4500 | ||
|---|---|---|---|
| 003 | DEla salle | ||
| 005 | 20140310181733.0 | ||
| 008 | 130319t xxu||||| |||| 00| 0 eng d | ||
| 020 | _a0345328167 | ||
| 050 |
_aDS 685 _b.K18 1989 |
||
| 082 |
_aTR 959.9 _bKa11 1989 |
||
| 100 |
_aKarnow, Stanley _91837 |
||
| 245 |
_aIn our image : _bAmerica's empire in the Philippines / _cStanley Karnow |
||
| 260 |
_aNew York : _bBallantine Books, _cc1989 |
||
| 300 |
_axii, 494 p. _bill. _c25 cm. |
||
| 521 | _aFaculty | ||
| 541 | _j1 | ||
| 562 | _e1 | ||
| 650 |
_aPhilippines _xHistory _x1898 _x1946 _91838 |
||
| 942 |
_2lcc _cBK-TR _kTR |
||
| 999 |
_c2485 _d2485 |
||